| Registos Bibliográficos associados ao registo de autoridade |
|
Etiqueta de registo: 00000nam 2200025 450 001 2096909 003 http://id.bnportugal.gov.pt/bib/catbnp/2096909 010 ## $a978-972-99918-9-9 021 ## $aPT$b494217/22 100 ## $a20220406d2022 m y0pory01030103ba 101 0# $apor 102 ## $aPT 105 ## $aa z 000yy 106 ## $ar 200 1# $aHá engenharia na Casa da Música$fdir. Manuela Mesquita$gcoord. Catarina Soutinho$gtextos Pedro Matos Trigo, Virgínia Capoto 205 ## $a1ª ed 210 #9 $aPorto$cOrdem dos Engenheiros - Região Norte,$dD.L. 2022 215 ## $a165, [3] p.$cil.$d26 cm 675 ## $a725.81(469.121)(042)$vBN$zpor$31842056 702 #1 $aMesquita,$bManuela$4300$31841742 702 #1 $92$aSoutinho,$bCatarina$4340$31841746 702 #1 $92$aTrigo,$bPedro Matos$4070$31841748 702 #1 $aCapoto,$bVirgínia$4070$31841751 801 #0 $aPT$bBN$gRPC 856 41 $uhttp://rnod.bnportugal.gov.pt/ImagesBN/winlibimg.aspx?skey=&doc=2096909&img=163154&save=true 900 ## $aBIBNAC$d20220414 966 ## $lBN$mFGMON$sB.A. 47096 V.$x1 966 ## $lBN$mFGMON$sB.A. 47096 V.-D$x1 971 ## $corlando$d20220406 972 ## $e0$z0$d20220414$viquintas 973 ## $cmcarvalho$d20220407
|
|
|